书目信息 |
| 题名: |
王船山教育思想初探
|
|
| 作者: | 李国钧 著 | |
| 分册: | ||
| 出版信息: | 北京 人民教育出版社 1984 |
|
| 页数: | 78页 | |
| 开本: | 21cm | |
| 丛书名: | ||
| 单 册: | ||
| 中图分类: | G40-092.49 , G40-092 | |
| 科图分类: | ||
| 主题词: | 教育思想--王夫之--研究 , 教育思想 | |
| 电子资源: | ||
| ISBN: | ||
| 000 | 00755nam0 2200265 450 | |
| 001 | 1556284119 | |
| 005 | 20150129153830.30 | |
| 010 | @dCNY0.45 | |
| 091 | @a7012.0699 | |
| 100 | @a19950310d1984 emky0chiy0110 ea | |
| 101 | 0 | @achi |
| 102 | @aCN@b110000 | |
| 105 | @ac z 000yy | |
| 200 | 1 | @a王船山教育思想初探@9wang chuan shan jiao yu si xiang chu tan@f李国钧著 |
| 210 | @a北京@c人民教育出版社@d1984 | |
| 215 | @a78页@c肖像@d21cm | |
| 600 | 0 | @a王夫之@f(1619~1692)@x教育思想@x研究 |
| 600 | 0 | @2CT@3S077127@a王夫之@f(1619~1692) |
| 606 | 0 | @a教育思想@x王夫之@x研究 |
| 606 | 0 | @a教育思想 |
| 690 | @aG40-092.49@v5 | |
| 690 | @aG40-092@v4 | |
| 701 | 0 | @a李国钧@9li guo jun@4著 |
| 801 | 0 | @aCN@bTSSF@c20150129 |
| 905 | @aZUCC@dG40-092@eJY8 | |
| 王船山教育思想初探/李国钧著.-北京:人民教育出版社,1984 |
| 78页:肖像;21cm |
| ISBN :CNY0.45 |
| ● |
| 相关链接 |
|
|
|
|
正题名:王船山教育思想初探
索取号:G40-092/JY8
 
预约/预借
| 序号 | 登录号 | 条形码 | 馆藏地/架位号 | 状态 | 备注 |
| 1 | 7859581 | 278595815 | 学院路分馆/ [索取号:G40-092/JY8] | 在馆 | |
| 2 | 7859582 | 278595824 | 学院路分馆/ [索取号:G40-092/JY8] | 在馆 |